000 00474cam a2200181ua 4500
020 _c20.00
041 _aeng
_h
082 _a028.72671
_bROS/MA
100 _aRossi, Boniface E .
245 _aManual of instructions in welding and cutting /
_cBoniface E Rossi.
_hTextual Documents
250 _a1 /
_b.
260 _aNew York :
_bMcGraw Hill Book Company ,
_c1941.
300 _a99 ; .
365 _a20.00
504 _a
942 _cBK
999 _c5513
_d5513